Proyecto de riegos del Alto Aragón (Record no. 123126)

MARC details
000 -LEADER
campo de control de longitud fija 00707nam a2200181 i 4500
001 - NÚMERO DE CONTROL
campo de control 123126
003 - IDENTIFICADOR DE NÚMERO DE CONTROL
campo de control ES-MaACL
005 - FECHA Y HORA DE LA ÚLTIMA TRANSACCIÓN
campo de control 20230906192121.0
007 - CAMPO FIJO DE DESCRIPCIÓN FÍSICA--INFORMACIÓN GENERAL
campo de control de longitud fija t|
008 - DATOS DE LONGITUD FIJA--INFORMACIÓN GENERAL
campo de control de longitud fija 070214s1913 sp r ||||0| spa d
245 00 - MENCIÓN DEL TÍTULO
Título Proyecto de riegos del Alto Aragón
Resto del título : (Sobrarbe - Somontano - Monegros) : objeto, datos principales, obras que comprende.
260 ## - PUBLICACIÓN, DISTRIBUCIÓN, ETC.
Lugar de publicación, distribución, etc. Barcelona :
Nombre del editor, distribuidor, etc. [s. n.],
Fecha de publicación, distribución, etc. 1913 (
Fabricante Tip. El Anario de la Exportación)
300 ## - DESCRIPCIÓN FÍSICA
Extensión 72 p, [1] pleg. de map. ;
Dimensiones 26 cm.
500 ## - NOTA GENERAL
Nota general En cubierta: Suplemento a El hogar español, revista mensual de la Sociedad Cooperativa de este título.
650 #4 - PUNTO DE ACCESO ADICIONAL DE MATERIA--TÉRMINO DE MATERIA
Término de materia o nombre geográfico como elemento de entrada Riego-
Subdivisión geográfica Aragón.
9 (RLIN) 155579
852 ## - LOCALIZACIÓN
Ubicación ES-MaACL
Número de control de estantería Fol-Laf-127
852 ## - LOCALIZACIÓN
Ubicación ES-MaACL
Número de control de estantería T-1352-F-7
Holdings
Estatus retirado Estado de pérdida Estado de daño No para préstamo Colección Biblioteca de origen Biblioteca actual Ubicación en estantería Fecha de adquisición Fuente de adquisición Total de préstamos Signatura topográfica completa Código de barras Visto por última vez Precio de reemplazo Tipo de ítem Koha
        Colección de folletos Biblioteca del Ateneo de Madrid Biblioteca del Ateneo de Madrid Depósito folletos 17/01/2008     Fol-Laf-127 1128297 23/02/2023 23/02/2023 Folleto
        Colección de folletos Biblioteca del Ateneo de Madrid Biblioteca del Ateneo de Madrid Depósito folletos 24/09/2014     T-1352-F-7 1193113 23/02/2023 23/02/2023 Folleto